| 000 | 00615nam a2200169 a 4500 | ||
|---|---|---|---|
| 005 | 20140310183133.0 | ||
| 008 | 030415s19uu xx 00 eng d | ||
| 020 | _a052178716 | ||
| 050 |
_aPE 1128.A2 _b.K65 2002 |
||
| 100 | _aKlippel, Friederike | ||
| 245 |
_aKeep Talking : _bCommunicative fluency activities for language teaching / _cFriederike Klippel. |
||
| 260 |
_aUnited Kingdom : _bCambridge University Press, _c2002. |
||
| 300 |
_a202 p. : _bill. ; _c21 cm. |
||
| 650 |
_aEnglish language _xSpoken English _xStudy & teaching _xForeign speakers, problems, exercises, |
||
| 942 |
_cBK _2lcc _kFOR |
||
| 999 |
_c19221 _d19221 |
||